| 000 | 00427nam a2200133Ia 4500 | ||
|---|---|---|---|
| 008 | 170221s9999 xx 000 0 und d | ||
| 245 | _aSpeaking the Language of Love: On Whether Chapmanās (1992) Claims Stand Up to Empirical Testing | ||
| 260 | _bThe Open Communication Journal | ||
| 260 | _c2013 | ||
| 300 | _a7 : | ||
| 650 | _xCommunication | ||
| 650 | _xMedia Arts | ||
| 856 | _uhttps://benthamopen.com/TOCOMMJ/VOLUME/7/ | ||
| 999 |
_c307273 _d307273 |
||